| 000 | 00667nam a2200205Ia 4500 | ||
|---|---|---|---|
| 003 | GCL | ||
| 008 | 140319s9999 xx 000 0 ara d | ||
| 040 |
_aGCL / _cGCL |
||
| 082 | 0 | 4 |
_a649 _bا ع |
| 100 | 1 | _aاحمد لطفى ضاوى | |
| 245 | 1 | 0 |
_aعادات تغذية الرضع والاطفال فى منطقة ريفية / _cاحمد لطفى ضاوى |
| 300 | _a79 ص | ||
| 490 |
_aالهيئة العامة للاستعلامات _v0 |
||
| 650 | 0 | 4 | _aالاطفال |
| 650 | 0 | 4 | _aالريف |
| 650 | 0 | 4 | _aالاطفال - تغذية |
| 650 | 0 | 4 | _aالاطفال - رعاية |
| 650 | 0 | 4 | _aالاطفال، العناية الصحية |
| 942 |
_2ddc _cBK |
||
| 999 |
_c50978 _d50978 |
||